European Journal of Language Policy

Saved in:
Bibliographic Details
Format: Serial
Language:English
Published: Liverpool Liverpool University Press
Tags: Add Tag
No Tags, Be the first to tag this record!

MARC

LEADER 00000nas1a2200000 4500
001 0297308
005 20250701092121.2
022 |a 1757-6830 
022 |a 1757-6822 
041 0 |a eng 
044 |a GB 
245 1 0 |a European Journal of Language Policy 
264 1 |a Liverpool  |b Liverpool University Press